000
00307pab a2200145 454500
008
180718b1985 xxu||||| |||| 00| 0 eng d
100
_a
Deshpande, G.P.
245
_a
The plural Tradition
260
_c
1985
300
_a
23-5
362
_a
Sept.
650
_a
Culture
773
_a
Seminar
909
_a
6931
999
_c
6931
_d
6931